000
00449nam a2200145Ia 4500
008
100204s9999 xx 000 0 und d
082
_b
26654
100
_a
सप्रे मधुवंती
245
_a
अर्जुनी
260
_b
"क्रांतीवैभव प्रकाशन, सांगली"
_c
2005
300
_a
130
630
_a
अर्जुनी
730
_a
अर्जुनी
942
_c
BOOK
999
_c
471835
_d
471832